Normal view
MARC view
- Serope Kalpakjian, Steven R. Schmid
Entry Personal Name
001 - CONTROL NUMBER
- control field: 127771
003 - CONTROL NUMBER IDENTIFIER
- control field: NUST
005 - DATE AND TIME OF LATEST TRANSACTION
- control field: 20250206094120.0
008 - FIXED-LENGTH DATA ELEMENTS
- fixed length control field: 250206|| aca||aabn | a|a d
040 ## - CATALOGING SOURCE
- Original cataloging agency: NUST
- Transcribing agency: NUST
100 ## - HEADING--PERSONAL NAME
- Personal name: Serope Kalpakjian, Steven R. Schmid
670 ## - SOURCE DATA FOUND
- Source citation: Work cat.: (NUST)594995: Serope Kalpakjian, Steven R. Schmid, Manufacturing engineering and technology /, 2014
